UM Logo

One flag, one land / (Record no. 19818)

MARC details
000 -LEADER
fixed length control field 00563nam a22001697a 4500
008 - FIXED-LENGTH DATA ELEMENTS--GENERAL INFORMATION
fixed length control field 240323b ||||| |||| 00| 0 eng d
020 ## - INTERNATIONAL STANDARD BOOK NUMBER
International Standard Book Number 0382028244
082 ## - DEWEY DECIMAL CLASSIFICATION NUMBER
Classification number DC 973
Item number B81 1985
100 ## - MAIN ENTRY--PERSONAL NAME
Personal name Brown, Richard C.
9 (RLIN) 55250
245 ## - TITLE STATEMENT
Title One flag, one land /
Statement of responsibility, etc. Richard C. Brown and Herbert J. Bass.
260 ## - PUBLICATION, DISTRIBUTION, ETC. (IMPRINT)
Place of publication, distribution, etc. New Jersey :
Name of publisher, distributor, etc. Silver Burdett Company,
Date of publication, distribution, etc. ©1985.
300 ## - PHYSICAL DESCRIPTION
Extent 756 pages :
Other physical details color illustrations ;
Dimensions 26 cm.
500 ## - GENERAL NOTE
General note Includes glossary.
650 ## - SUBJECT ADDED ENTRY--TOPICAL TERM
Topical term or geographic name as entry element United States
General subdivision History.
9 (RLIN) 55747
700 ## - ADDED ENTRY--PERSONAL NAME
Personal name Bass, Herbert J.
9 (RLIN) 55251
Relator term author.
942 ## - ADDED ENTRY ELEMENTS (KOHA)
Source of classification or shelving scheme Dewey Decimal Classification
Koha item type Circulation
Holdings
Withdrawn status Lost status Source of classification or shelving scheme Damaged status Not for loan Collection code Home library Current library Date acquired Source of acquisition Total Checkouts Full call number Barcode Date last seen Price effective from Koha item type
    Dewey Decimal Classification     Circulation UM Digos College - LIC UM Digos College - LIC 08/28/1995 Donated   DC 973 B81 1985 11931 05/15/2025 03/23/2024 Circulation